| 000 | 01909 a2200205 4500 | ||
|---|---|---|---|
| 001 | 38977 | ||
| 005 | 20260407155649.0 | ||
| 008 | 260407a1970 arg spa d | ||
| 003 | AR-UNSa-BCEJYS | ||
| 040 |
_aAR-UNSa-BCEJYS _bspa _cAR-UNSa-BCEJYS |
||
| 080 |
_a658.8 _xOrganización de mercados. Marketing. Ventas. Distribución |
||
| 245 | 1 | 0 | _aFundamentos de marketing |
| 264 | 1 |
_aPanamá : _bLibros McGraw-Hill _c1970 |
|
| 300 |
_a756 p. _c24 cm. |
||
| 505 | _aParte I: Marketing Moderno: 1. El marketing en la economía - 2. El papel de la dirección en el marketing - 3. Investigación de marketing - 4. Los mercados, la gente y el dinero - 5. Motivaciones y comportamiento del consumidor - 6. Patrones de compra del consumidor y bienes del consumo - 7. El mercado industrial - 8. Planificación y desarrollo del producto - 9. Política y estrategias de la linea de productos - 10. Marcas, empaquetado y otras carcterísticas de producto - 11. Canales de distribución y mercado minorista - 12. Minoristas y sus métodos operativos - 13. El mercado al por mayor y los inetrmediarios mayoristas - 14. Conflictos de competencias y coopración en los canales de distribución - 16. Dirección de la distribución física - 17. El precio y objetivos de mismo - 18. Determinación de precios en lapráctica - 19. Políticas y estrategias del precio - 20. Plíticas y estrategias del precio(continuación)- 21. El programa de promoción - 22. Dirección de la venta personal - 23. Dirección dela publicidad - 24. El marketing de servicios - 25. El marketing de productos agrícolas - 26. El marketing internacional - 27. Planificación del mercado - 28. Análisis del volumen de ventas - 28. Análisis del volumen de ventas y costos de marketing - 29. El marketing: valoración y perspectivas. | ||
| 041 | _aspa | ||
| 942 | _cBK | ||
| 590 | _aniveau_biblio:m niveau_hierar:0 | ||
| 100 | 1 | _aStanton, William J. | |
| 999 |
_c2936 _d2936 |
||